000 00271nam a2200109Ia 4500
008 190216s9999||||xx |||||||||||||| ||und||
100 _aAndley Kk
245 0 _aTextbook Of Money Foreign Exchange And Banking
260 _bPusthak Mahal
_c1963
300 _a54p
942 _cBK
999 _c4460
_d4460